00232nam a22000857a 4500082003400000245003000034260002500064300002000089526003700109 a808.831bBHAcL-NUST-01, P-47 aGiant Book of Fairy Tales aDelhibArora Book Co aP 96billc25cm a0b0c0d808_831000000000000_BHA